Statistics for Polaris Music Prize Winners

Click here to take the quiz!

General Stats

  • This quiz has been taken 6 times
  • The average score is 12 of 15

Answer Stats

YearAlbumArtist% Correct
2011The SuburbsArcade Fire
100%
2020God Has Nothing to Do With This Leave Him Out of ItBackxwash
100%
2006He Poos CloudsFinal Fantasy
100%
2009The Chemistry of Common LifeFucked Up
100%
2013'Allelujah! Don't Bend! Ascend!Godspeed You! Black Emperor
100%
2018Wolastoqiyik LintuwakonawaJeremy Dutcher
100%
201699.9%Kaytranada
100%
2014AnimismTanya Tagaq
100%
2015Power in the BloodBuffy Sainte-Marie
50%
2008AndorraCaribou
50%
2012MetalsFeist
50%
201913th FloorHaviah Mighty
50%
2010Les Chemins de verreKarkwa
50%
2017La PapessaLido Pimienta
50%
2007Close to ParadisePatrick Watson
50%

Score Distribution

Percentile by Number Answered

Percent of People with Each Score

Your Score History

You have not taken this quiz